Подробности
| 000 -МАРКЕР |
| контрольное поле |
02529nam0a2200373 4500 |
| 001 - ИДЕНТИФИКАТОР ЗАПИСИ |
| контрольное поле |
RU\NLR\bibl\1162541 |
| 005 - ИДЕНТИФИКАТОР ВЕРСИИ |
| контрольное поле |
20260407172035.0 |
| 035 ## - ДРУГИЕ СИСТЕМНЫЕ НОМЕРА |
| Идентификатор записи |
(nilc)RSL-KNO-003142629 |
| 035 ## - ДРУГИЕ СИСТЕМНЫЕ НОМЕРА |
| Идентификатор записи |
(NLR Aleph) 001149282 |
| 100 ## - ДАННЫЕ ОБЩЕЙ ОБРАБОТКИ |
| Данные общей обработки |
20070418d2006 |||y0rusy50 ca |
| 101 0# - ЯЗЫК РЕСУРСА |
| Язык текста, звукозаписи и т.д. |
русский |
| 102 ## - СТРАНА ПУБЛИКАЦИИ ИЛИ ПРОИЗВОДСТВА |
| Страна публикации |
Российская Федерация |
| 105 ## - ПОЛЕ КОДИРОВАННЫХ ДАННЫХ: ТЕКСТОВЫЕ МАТЕРИАЛЫ, МОНОГРАФИЧЕСКИЕ |
| Кодированные данные о монографическом текстовом документе |
a ||||||||| |
| 200 1# - ЗАГЛАВИЕ И СВЕДЕНИЯ ОБ ОТВЕТСТВЕННОСТИ |
| Основное заглавие |
Материалы шестнадцатой научно-практической конференции по проблемам механики и машиностроения |
| Первые сведения об ответственности |
под ред. Дворникова Л.Т., Живаго Э.Я. |
| 210 ## - ПУБЛИКАЦИЯ, РАСПРОСТРАНЕНИЕ И ДР. |
| Место издания, распространения и т.д. |
Новокузнецк |
| Имя издателя, распространителя и т. д. |
СибГИУ |
| Дата издания, распространения и т.д. |
2006 |
| 215 ## - ФИЗИЧЕСКАЯ ХАРАКТЕРИСТИКА |
| Специфическое обозначение материала и объем |
239 с. |
| Другие сведения о физической характеристике |
ил. |
| Размеры |
21 |
| 300 ## - ОБЩИЕ ПРИМЕЧАНИЯ |
| Текст примечания |
Посвящается 75-летию со дня образования Сибирского гос. индустриального ун-та |
| 300 ## - ОБЩИЕ ПРИМЕЧАНИЯ |
| Текст примечания |
В надзаг.: М-во образования и науки Российской Федерации, Гос. образовательное учреждение высш. проф. образования "Сибирский гос. индустриальный ун-т ", Кузбасский науч. центр Сибирского отд-ния Междунар. Акад. Наук Высш. Школы |
| 320 ## - ПРИМЕЧАНИЯ О НАЛИЧИИ В ДОКУМЕНТЕ БИБЛИОГРАФИИ / УКАЗАТЕЛЯ |
| Текст примечания |
Библиогр. в конце докл. |
| 606 1# - НАИМЕНОВАНИЕ ТЕМЫ КАК ПРЕДМЕТ |
| Наименование темы |
Машин и механизмов теория |
| Формальный подзаголовок |
Съезды, совещания и т.п. |
| Системный номер авторитетной/нормативной записи |
2086099 |
| Идентификатор авторитетной/нормативной записи |
RU\NLR\auth\661262226 |
| 606 1# - НАИМЕНОВАНИЕ ТЕМЫ КАК ПРЕДМЕТ |
| Наименование темы |
Машиностроение |
| Формальный подзаголовок |
Съезды, совещания и т.п. |
| Системный номер авторитетной/нормативной записи |
1221571 |
| Идентификатор авторитетной/нормативной записи |
RU\NLR\auth\66178864 |
| 610 0# - НЕКОНТРОЛИРУЕМЫЕ ПРЕДМЕТНЫЕ ТЕРМИНЫ |
| Предметный термин |
Машиностроение -- Машиноведение -- Теоретические основы машиностроения -- Теория машин и механизмов. Механика машин -- Материалы конференции |
| 610 0# - НЕКОНТРОЛИРУЕМЫЕ ПРЕДМЕТНЫЕ ТЕРМИНЫ |
| Предметный термин |
Машиностроение -- Технология машиностроения. Обработка металлов -- Материалы конференции |
| 686 ## - ИНДЕКСЫ ДРУГИХ КЛАССИФИКАЦИЙ |
| Индекс |
К412я431(2) |
| Код системы |
|
| 686 ## - ИНДЕКСЫ ДРУГИХ КЛАССИФИКАЦИЙ |
| Индекс |
К5я431(2) |
| Код системы |
|
| 686 ## - ИНДЕКСЫ ДРУГИХ КЛАССИФИКАЦИЙ |
| Индекс |
К4я431 |
| 710 12 - НАИМЕНОВАНИЕ ОРГАНИЗАЦИИ - ПЕРВИЧНАЯ ОТВЕТСТВЕННОСТЬ |
| Начальный элемент ввода |
Научно-практическая конференция по проблемам механики и машиностроения |
| Порядковый номер временной организации и / или порядковый номер ее части |
16 |
| Дата проведения временной организации |
2006 |
| Место проведения временной организации |
Новокузнецк |
| Идентификатор авторитетной/нормативной записи |
RU\NLR\AUTH\8810108569 |
| Системный номер авторитетной/нормативной записи |
717319 |
| 801 #0 - ИСТОЧНИК ЗАПИСИ |
| Страна |
Российская Федерация |
| Организация |
РКП |
| Дата составления |
20070418 |
| Правила каталогизации |
rcr |
| 801 #1 - ИСТОЧНИК ЗАПИСИ |
| Страна |
Российская Федерация |
| Организация |
РГБ |
| Дата составления |
20070418 |
| 801 #2 - ИСТОЧНИК ЗАПИСИ |
| Страна |
Российская Федерация |
| Организация |
NLR |
| Дата составления |
20071203 |
| Правила каталогизации |
rcr |
| 942 ## - ДОПОЛНИТЕЛЬНЫЕ ЭЛЕМЕНТЫ ЗАПИСИ (АБИС) |
| Тип экземпляра АБИС |
Книга |
| 980 ## - КОЛЛЕКЦИЯ |
| Название коллекции |
Национальная библиография |